000 00332nam a2200157Ia 4500
008 210210b1921 xxu||||| |||| 00| 0 eng d
041 _aeng
082 _a590/73
100 _aEALAND (C A)
245 _aInsect life
260 _aLondon
_b-
_c1921
650 _alife
650 _aInsect
690 _aZoology
906 _a010647
999 _c138414
_d138414